[Event "EU-ch rapid"]
[Site "Katowice"]
[Date "2017.12.16"]
[Round "1"]
[White "Kovalev, Vladislav"]
[Black "Mendes, Pedro Miguel Gomes"]
[Result "1-0"]
[WhiteElo "2639"]
[BlackElo "1851"]
[PlyCount "89"]
[EventDate "2017.12.16"]
[EventType "swiss (rapid)"]
[EventRounds "11"]
[EventCountry "POL"]
[SourceTitle "CBM 182 Extra"]
[Source "ChessBase"]
[SourceDate "2018.02.23"]
[SourceVersion "1"]
[SourceVersionDate "2018.02.23"]
[SourceQuality "1"]

1. d4 Nf6 2. Bf4 d5 3. e3 c5 4. c3 e6 5. Nd2 Nc6 6. Ngf3 Be7 7. h3 0-0 8. Bd3 cxd4 9. exd4 a6 10. 0-0 b5 11. a3 Na5 12. Ne5 Bd7 13. Qe2 Nc4 14. Ndf3 Rc8 15. Rae1 Be8 16. Bc1 Bd6 17. Ng5 h6 18. Ngf3 Qc7 19. Ng4 Nxg4 20. hxg4 Bf4 21. g3 Bxc1 22. Rxc1 Bc6 23. g5 g6 24. gxh6 Qe7 25. Kg2 Qf6 26. Rce1 Kh7 27. Rh1 Rh8 28. g4 Qf4 29. Rh4 Kg8 30. g5 Qd6 31. Kg1 Kh7 32. Nh2 Nb6 33. Ng4 Nd7 34. f4 Rce8 35. Rf1 Bb7 36. Rh2 Bc6 37. Rhf2 Kg8 38. Ne5 Kf8 39. Bxg6 fxg6 40. Nxg6+ Kg8 41. f5 e5 42. f6 Kf7 43. Qh5 Ke6 44. f7 Ref8 45. Qg4# 1-0

[Event "Gaia Profigaia op 17th"]
[Site "Vila Nova de Gaia"]
[Date "2017.06.18"]
[Round "7"]
[White "Mendes, Pedro Miguel Gomes"]
[Black "Soares, Sara Joana de Moura"]
[Result "1-0"]
[WhiteElo "1867"]
[BlackElo "1183"]
[PlyCount "103"]
[EventDate "2017.06.14"]
[EventType "swiss"]
[EventRounds "7"]
[EventCountry "POR"]
[SourceTitle "CBM 179 Extra"]
[Source "ChessBase"]
[SourceDate "2017.08.23"]
[SourceVersion "1"]
[SourceVersionDate "2017.08.23"]
[SourceQuality "1"]

1. e4 e5 2. Nf3 Nc6 3. Bb5 a6 4. Ba4 Nf6 5. 0-0 Be7 6. Re1 b5 7. Bb3 0-0 8. a4 Bb7 9. d3 Bc5 10. Bg5 h6 11. Bh4 Qe7 12. Nc3 Nd4 13. Nd5 Bxd5 14. exd5 d6 15. Nxd4 Bxd4 16. c3 Bb6 17. d4 g5 18. Bg3 Nd7 19. axb5 axb5 20. Rxa8 Rxa8 21. Qd3 Ra5 22. Qe4 Qf6 23. Qg4 Nf8 24. dxe5 dxe5 25. Qe2 Ng6 26. h3 Kh7 27. Kh2 Kg8 28. f3 Kg7 29. Bxe5 Nxe5 30. Qxe5 Qxe5+ 31. Rxe5 Ra8 32. Kg3 Rd8 33. Kg4 Kg6 34. Bc2+ Kf6 35. Rf5+ Kg6 36. Rxg5+ Kf6 37. Rf5+ Kg7 38. Bb3 Rd7 39. Re5 f6 40. Re4 Kg6 41. Rb4 Re7 42. Bc2+ Kg7 43. Be4 Re8 44. Rxb5 Bf2 45. Rb7 Bb6 46. d6 Kf8 47. dxc7 h5+ 48. Kxh5 Re5+ 49. Kg6 Re8 50. Rxb6 Ke7 51. Rb8 Rxb8 52. cxb8Q 1-0

[Event "Gaia Profigaia op 17th"]
[Site "Vila Nova de Gaia"]
[Date "2017.06.16"]
[Round "4"]
[White "Sismeiro, Miguel"]
[Black "Mendes, Pedro Miguel Gomes"]
[Result "1/2-1/2"]
[WhiteElo "1528"]
[BlackElo "1867"]
[PlyCount "153"]
[EventDate "2017.06.14"]
[EventType "swiss"]
[EventRounds "7"]
[EventCountry "POR"]
[SourceTitle "CBM 179 Extra"]
[Source "ChessBase"]
[SourceDate "2017.08.23"]
[SourceVersion "1"]
[SourceVersionDate "2017.08.23"]
[SourceQuality "1"]

1. e4 c5 2. Nf3 Nc6 3. d4 cxd4 4. Nxd4 Nf6 5. Nc3 d6 6. Be2 e5 7. Nb3 Be7 8. 0-0 Be6 9. Kh1 d5 10. exd5 Nxd5 11. Ne4 b6 12. Bb5 Rc8 13. Qh5 0-0 14. Bxc6 Rxc6 15. Qxe5 Nf6 16. Nd4 Rxc2 17. Nxe6 fxe6 18. Qxe6+ Kh8 19. Qb3 Re2 20. Nc3 Re5 21. Bf4 Rc5 22. Rad1 Qe8 23. Bg3 Qg6 24. Rfe1 Re8 25. Rxe7 Rxe7 26. Bd6 Rce5 27. Bxe7 Rxe7 28. Nd5 Nxd5 29. Qxd5 Qe8 30. g3 h6 31. Qd8 Qxd8 32. Rxd8+ Kh7 33. Rd2 Kg6 34. Kg2 Kf5 35. f4 g5 36. fxg5 hxg5 37. Rf2+ Kg6 38. Kf3 Kf5 39. g4+ Kg6 40. Re2 Rf7+ 41. Kg3 Rd7 42. Re3 Kf6 43. h4 gxh4+ 44. Kxh4 Rh7+ 45. Kg3 Rd7 46. Kf4 Rd4+ 47. Re4 Rd2 48. g5+ Kf7 49. Kf5 Rf2+ 50. Kg4 Rxb2 51. Ra4 a5 52. Ra3 Rb4+ 53. Kf5 a4 54. Rc3 Rb5+ 55. Kg4 Rb2 56. Rc7+ Kg6 57. Rc6+ Kf7 58. Kf5 Rf2+ 59. Kg4 Rg2+ 60. Kf5 Rf2+ 61. Kg4 b5 62. Rb6 Rg2+ 63. Kf5 Rf2+ 64. Kg4 Rb2 65. Kf5 Rf2+ 66. Kg4 Rg2+ 67. Kf5 Rf2+ 68. Kg4 Rxa2 69. Rxb5 a3 70. Rb1 Rb2 71. Ra1 Rb4+ 72. Kf3 Ra4 73. Ke3 a2 74. Kd3 Kg6 75. Kc3 Kxg5 76. Kb3 Ra6 77. Rxa2 1/2-1/2

[Event "POR-chT"]
[Site "Porto"]
[Date "2016.08.18"]
[Round "6.6"]
[White "Mendes, Pedro Miguel Gomes"]
[Black "Vinagre, Antonio Pedro"]
[Result "1/2-1/2"]
[WhiteElo "1812"]
[BlackElo "1841"]
[PlyCount "119"]
[EventDate "2016.08.14"]
[EventType "team-tourn"]
[EventRounds "9"]
[EventCountry "POR"]
[SourceTitle "CBM 173 Extra"]
[Source "ChessBase"]
[SourceDate "2016.08.29"]
[SourceVersion "1"]
[SourceVersionDate "2016.08.29"]
[SourceQuality "1"]
[WhiteTeam "GX 113"]
[BlackTeam "Casa do Xadrez"]
[WhiteTeamCountry "POR"]
[BlackTeamCountry "POR"]

1. e4 d6 2. d4 Nf6 3. f3 Nbd7 4. c4 e5 5. Be3 c6 6. Nc3 Be7 7. Qd2 h6 8. g4 Nh7 9. 0-0-0 Bg5 10. dxe5 dxe5 11. Kb1 Qf6 12. Bg2 0-0 13. Nge2 Nb6 14. b3 Bxe3 15. Qxe3 Qe7 16. Kc2 Be6 17. Rd3 Nf6 18. g5 Nfd7 19. gxh6 g6 20. h4 Qb4 21. Qg5 Kh7 22. h5 Rg8 23. Bh3 Bxh3 24. Rxh3 f6 25. Qd2 Qe7 26. f4 g5 27. fxg5 Rxg5 28. Ng3 Rag8 29. Nf5 Qf7 30. Nd6 Qe6 31. Nxb7 Rg2 32. Ne2 Nf8 33. Rhg3 f5 34. Rxg2 Rxg2 35. Rg3 Rxg3 36. Nxg3 f4 37. Nf5 Nxc4 38. bxc4 Qxc4+ 39. Qc3 Qxa2+ 40. Qb2 Qc4+ 41. Kd2 Qxe4 42. Nbd6 Qg2+ 43. Kc3 Qxb2+ 44. Kxb2 Nd7 45. Kc3 Nf6 46. Kd3 Nxh5 47. Nc4 Ng3 48. Nxg3 fxg3 49. Nxe5 g2 50. Nf3 a5 51. Ke2 Kxh6 52. Kf2 Kg6 53. Ne5+ Kf5 54. Nxc6 a4 55. Kxg2 Ke4 56. Kf2 Kd3 57. Ke1 Kc2 58. Nb4+ Kc1 59. Na2+ Kb2 60. Kd2 1/2-1/2

[Event "Famalicao op 4th"]
[Site "Famalicao"]
[Date "2016.08.01"]
[Round "3"]
[White "Mendes, Pedro Miguel Gomes"]
[Black "Diogo, Hugo"]
[Result "1-0"]
[WhiteElo "1812"]
[BlackElo "1206"]
[PlyCount "33"]
[EventDate "2016.07.30"]
[EventType "swiss"]
[EventRounds "7"]
[EventCountry "POR"]
[SourceTitle "CBM 173 Extra"]
[Source "ChessBase"]
[SourceDate "2016.08.29"]
[SourceVersion "1"]
[SourceVersionDate "2016.08.29"]
[SourceQuality "1"]

1. e4 e5 2. Nf3 Nc6 3. Bb5 Qf6 4. c3 a6 5. Ba4 Qg6 6. 0-0 Be7 7. d4 Bd6 8. Bg5 Qxe4 9. Re1 Qf5 10. Bxc6 dxc6 11. Nxe5 f6 12. Qh5+ g6 13. Nxg6+ Kd7 14. Nf8+ Bxf8 15. Qe8+ Kd6 16. Qxf8+ Kd5 17. Qc5# 1-0

[Event "Gaia Profigaia op 9th"]
[Site "Vila Nova de Gaia"]
[Date "2016.06.28"]
[Round "7"]
[White "Mendes, Pedro Miguel Gomes"]
[Black "Nogueira, Diana Sofia Cunha"]
[Result "0-1"]
[WhiteElo "1819"]
[BlackElo "1636"]
[PlyCount "114"]
[EventDate "2016.06.24"]
[EventType "swiss"]
[EventRounds "7"]
[EventCountry "POR"]
[SourceTitle "EXT 2018"]
[Source "ChessBase"]
[SourceDate "2017.10.13"]
[SourceVersion "1"]
[SourceVersionDate "2017.10.13"]
[SourceQuality "1"]

1. e4 e5 2. Nf3 Nc6 3. Bb5 a6 4. Ba4 g6 5. c3 Bg7 6. 0-0 Nge7 7. Re1 b5 8. Bc2 Bb7 9. d3 0-0 10. Nbd2 b4 11. Nf1 a5 12. d4 exd4 13. cxd4 d6 14. Bb3 Qd7 15. h3 Nd8 16. a4 Ne6 17. Ng3 Rad8 18. Be3 Kh8 19. Rc1 c5 20. dxc5 Bxb2 21. cxd6 Qxd6 22. Qxd6 Rxd6 23. Rcd1 Rxd1 24. Rxd1 Rd8 25. Rxd8+ Nxd8 26. Nd4 Kg7 27. f3 Nec6 28. Nge2 Ne5 29. Nf4 Ba6 30. Kf2 Nc4 31. Bxc4 Bxc4 32. Nd5 Ba2 33. Ke1 b3 34. Nb5 Ba1 35. Na3 Nc6 36. Kd2 b2 37. Nc3 Bb3 38. Nab1 Ne5 39. Bd4 f6 40. f4 Nc4+ 41. Kd3 Kf7 42. Nd5 Ba2 43. Ndc3 Bb3 44. Nd5 f5 45. e5 Nxe5+ 46. Bxe5 Bxd5 47. Nd2 Be4+ 48. Kc4 b1Q 49. Nxb1 Bxe5 50. fxe5 Bxb1 51. Kb5 Ke6 52. Kxa5 Kxe5 53. Kb6 Be4 54. g3 f4 55. gxf4+ Kxf4 56. Kc5 Kg3 57. Kd4 Ba8 0-1

[Event "POR-chT2 final"]
[Site "Matosinhos"]
[Date "2015.08.16"]
[Round "1.1"]
[White "Diogo, Pedro"]
[Black "Mendes, Pedro Miguel Gomes"]
[Result "0-1"]
[WhiteElo "1959"]
[BlackElo "1805"]
[PlyCount "130"]
[EventDate "2015.08.16"]
[EventType "team-tourn"]
[EventRounds "3"]
[EventCountry "POR"]
[SourceTitle "EXT 2018"]
[Source "ChessBase"]
[SourceDate "2017.10.13"]
[SourceVersion "1"]
[SourceVersionDate "2017.10.13"]
[SourceQuality "1"]
[WhiteTeam "Casa do Xadrez"]
[BlackTeam "Grupo de Xadrez 113"]
[WhiteTeamCountry "POR"]
[BlackTeamCountry "POR"]

1. e4 c5 2. c3 Nf6 3. e5 Nd5 4. Nf3 d6 5. Bc4 Nb6 6. Bb3 e6 7. 0-0 Nc6 8. d4 dxe5 9. dxe5 Qxd1 10. Rxd1 Na5 11. Bc2 Bd7 12. Nbd2 Be7 13. Ne4 Nd5 14. a4 Bc6 15. Bg5 f6 16. exf6 gxf6 17. Bh4 Rd8 18. Ned2 Kf7 19. Bg3 Rd7 20. Rab1 Rhd8 21. h3 a6 22. Nf1 b5 23. axb5 Bxb5 24. Bd3 Nxc3 25. bxc3 Rxd3 26. Rdc1 Nc4 27. Ne1 R3d7 28. Nf3 Bc6 29. Ra1 a5 30. Ne3 Nxe3 31. fxe3 a4 32. c4 Rd3 33. Bf2 Bf8 34. Kf1 Bd6 35. Ke2 Bc7 36. g4 h6 37. h4 Kg6 38. Nd4 R3xd4 39. exd4 cxd4 40. Rd1 e5 41. Ra3 Bd6 42. Ra2 a3 43. Rd3 Rb8 44. Be1 Be4 45. h5+ Kf7 46. Rdxa3 Bxa3 47. Rxa3 Rb2+ 48. Bd2 Rc2 49. Ra7+ Ke6 50. Ra6+ Ke7 51. Ra7+ Kd6 52. Kd1 Rxc4 53. Bxh6 Bf3+ 54. Kd2 Bxg4 55. Bf8+ Ke6 56. h6 Rc8 57. Re7+ Kf5 58. Rf7 Ra8 59. Bg7 Ra2+ 60. Kc1 d3 61. Rxf6+ Ke4 62. h7 d2+ 63. Kb1 d1Q+ 64. Kxa2 Qd5+ 65. Ka1 Qa8+ 0-1

[Event "Porto Axis op"]
[Site "Porto"]
[Date "2014.03.16"]
[Round "6"]
[White "Mendes, Pedro Miguel Gomes"]
[Black "Guerreiro, Nuno M"]
[Result "0-1"]
[WhiteElo "1736"]
[BlackElo "2178"]
[PlyCount "60"]
[EventDate "2014.03.11"]
[EventType "swiss"]
[EventRounds "7"]
[EventCountry "POR"]
[SourceTitle "EXT 2015"]
[Source "ChessBase"]
[SourceDate "2014.11.20"]
[SourceVersion "1"]
[SourceVersionDate "2014.11.20"]
[SourceQuality "1"]

1. e4 c5 2. Nf3 g6 3. d3 Nc6 4. g3 Bg7 5. Bg2 d6 6. 0-0 Nf6 7. Re1 0-0 8. Nbd2 Ne8 9. Nf1 Rb8 10. h4 b5 11. N1h2 b4 12. h5 a5 13. Nh4 a4 14. a3 bxa3 15. Rxa3 Bxb2 16. Bxb2 Rxb2 17. Qc1 Qb6 18. Rxa4 Nd4 19. Rc4 Ne2+ 20. Rxe2 Rb1 21. Qxb1 Qxb1+ 22. Bf1 Nc7 23. e5 Be6 24. Ra4 Nb5 25. Ra6 Nd4 26. Rd2 g5 27. N4f3 Nxf3+ 28. Nxf3 Qb7 29. d4 Qxf3 30. Bg2 Qc3 0-1

[Event "Porto Axis op"]
[Site "Porto"]
[Date "2014.03.14"]
[Round "4"]
[White "Mendes, Pedro Miguel Gomes"]
[Black "Santos, Jose Miguel Sereno"]
[Result "1-0"]
[WhiteElo "1736"]
[BlackElo "1624"]
[PlyCount "59"]
[EventDate "2014.03.11"]
[EventType "swiss"]
[EventRounds "7"]
[EventCountry "POR"]
[SourceTitle "EXT 2015"]
[Source "ChessBase"]
[SourceDate "2014.11.20"]
[SourceVersion "1"]
[SourceVersionDate "2014.11.20"]
[SourceQuality "1"]

1. e4 e6 2. d3 d5 3. Nd2 Nf6 4. g3 c5 5. Bg2 Nc6 6. Ngf3 Be7 7. 0-0 0-0 8. e5 Nd7 9. Re1 Qc7 10. Qe2 a6 11. Nf1 b5 12. Bf4 Bb7 13. h4 Rfd8 14. N1h2 Nf8 15. h5 h6 16. Ng4 Kh7 17. Qd2 Kg8 18. Bxh6 gxh6 19. Qxh6 Nh7 20. Nf6+ Bxf6 21. exf6 Nxf6 22. Qxf6 Qe7 23. Qh6 Qf8 24. Qf4 Rac8 25. h6 Ne7 26. Re5 Ng6 27. Qg5 Kh7 28. Qf6 Kxh6 29. Rh5+ Kxh5 30. Qg5# 1-0

[Event "Porto Axis op"]
[Site "Porto"]
[Date "2014.03.11"]
[Round "1"]
[White "Rocha, Sergio MC"]
[Black "Mendes, Pedro Miguel Gomes"]
[Result "1-0"]
[WhiteElo "2400"]
[BlackElo "1736"]
[PlyCount "61"]
[EventDate "2014.03.11"]
[EventType "swiss"]
[EventRounds "7"]
[EventCountry "POR"]
[SourceTitle "EXT 2015"]
[Source "ChessBase"]
[SourceDate "2014.11.20"]
[SourceVersion "1"]
[SourceVersionDate "2014.11.20"]
[SourceQuality "1"]

1. e4 c5 2. Nf3 d6 3. d4 cxd4 4. Nxd4 Nf6 5. Nc3 a6 6. g3 e5 7. Nde2 Be6 8. Bg2 Nbd7 9. 0-0 Be7 10. a4 b6 11. h3 Rc8 12. Be3 0-0 13. b3 Ne8 14. Ra2 f5 15. exf5 Bxf5 16. Nd5 Nef6 17. c4 Nxd5 18. Qxd5+ Kh8 19. Nc3 Nf6 20. Qb7 Qd7 21. Qxd7 Nxd7 22. g4 Be6 23. Bb7 Rcd8 24. Bxa6 Nc5 25. Bxc5 dxc5 26. Re2 Rd3 27. Rxe5 Bxg4 28. Rxe7 Bxh3 29. Rc1 Rd2 30. Re3 Rdxf2 31. Rxh3 1-0

[Event "POR-ch prel"]
[Site "Matosinhos"]
[Date "2012.08.08"]
[Round "5.14"]
[White "Ferreira, Luis Pedro Oliveira"]
[Black "Mendes, Pedro Miguel Gomes"]
[Result "1-0"]
[WhiteElo "1894"]
[BlackElo "1680"]
[PlyCount "59"]
[EventDate "2012.08.04"]
[EventType "swiss"]
[EventRounds "9"]
[EventCountry "POR"]
[SourceTitle "EXT 2015"]
[Source "ChessBase"]
[SourceDate "2014.11.20"]
[SourceVersion "1"]
[SourceVersionDate "2014.11.20"]
[SourceQuality "1"]

1. e4 c5 2. Nc3 Nc6 3. g3 g6 4. Bg2 Bg7 5. Nge2 e6 6. 0-0 Nge7 7. d3 0-0 8. Be3 Nd4 9. Qd2 Rb8 10. Nd1 d5 11. c3 Nxe2+ 12. Qxe2 d4 13. cxd4 cxd4 14. Bd2 e5 15. f4 f5 16. fxe5 fxe4 17. Rxf8+ Qxf8 18. Qxe4 Nc6 19. e6 Be5 20. Qd5 Qe7 21. Bh3 Qd6 22. Qxd6 Bxd6 23. Nf2 Kg7 24. Re1 Ne5 25. Kg2 b5 26. Bf4 Bb7+ 27. Kf1 Nf7 28. exf7 Bxf4 29. gxf4 Kxf7 30. Ne4 1-0

[Event "POR-ch prel"]
[Site "Matosinhos"]
[Date "2012.08.07"]
[Round "4.13"]
[White "Mendes, Pedro Miguel Gomes"]
[Black "Santos, Joao Artur Almeida"]
[Result "1/2-1/2"]
[WhiteElo "1680"]
[BlackElo "1991"]
[PlyCount "136"]
[EventDate "2012.08.04"]
[EventType "swiss"]
[EventRounds "9"]
[EventCountry "POR"]
[SourceTitle "EXT 2015"]
[Source "ChessBase"]
[SourceDate "2014.11.20"]
[SourceVersion "1"]
[SourceVersionDate "2014.11.20"]
[SourceQuality "1"]

1. e4 c5 2. Nf3 d6 3. d4 cxd4 4. Nxd4 Nf6 5. Nc3 a6 6. Be3 e5 7. Nb3 Be6 8. Qd2 Be7 9. f3 0-0 10. 0-0-0 Nbd7 11. Nd5 Bxd5 12. exd5 Nb6 13. Qa5 Nbd7 14. Bd3 b6 15. Qd2 a5 16. Kb1 a4 17. Nc1 Qc7 18. Ne2 a3 19. b3 Rfc8 20. Rc1 Nc5 21. g4 e4 22. Bxe4 Nfxe4 23. fxe4 Nxe4 24. Qd3 Nc5 25. Qd2 Bf6 26. Bd4 Qe7 27. Bxf6 Qxf6 28. Qd4 Qg6 29. Nf4 Qe4 30. Qxe4 Nxe4 31. c4 Re8 32. Rhe1 Re7 33. Ne6 fxe6 34. Rxe4 e5 35. Rf1 Rc8 36. Re2 Rec7 37. Ref2 Rb8 38. Kc2 b5 39. Kd3 bxc4+ 40. bxc4 h6 41. Rc1 Rb4 42. Rc3 Ra4 43. Rf1 Rb7 44. Rb3 Rc7 45. Rc1 Rf7 46. Rb8+ Kh7 47. Ke3 Rf4 48. h3 Raxc4 49. Rxc4 Rxc4 50. Rb6 Rc2 51. Rxd6 Rxa2 52. Ra6 Ra1 53. d6 Rd1 54. Rxa3 Rxd6 55. Ke4 Re6 56. Kf5 Re8 57. Re3 Rf8+ 58. Ke6 Ra8 59. Rxe5 Ra3 60. h4 Rg3 61. Re4 Rh3 62. h5 g6 63. Kf6 Rf3+ 64. Ke6 gxh5 65. gxh5 Rh3 66. Re5 Rh1 67. Kf6 Rf1+ 68. Ke6 Rh1 1/2-1/2